000
00209 a2200097 4500
001
40858
100
_a
Nasir Naqvi
245
_a
Falsafa-e-Tauheed
260
_a
Karachi
_b
Feroze sons
_c
090
_c
25119
_d
25119
942
_a
NUST-CAE
_c
M
_c
16802
999
_c
275931
_d
275931